000 00877nam a2200217 i 4500
001 104672
003 ES-MaACL
005 20230906183648.0
007 t|
008 051207s1924 sp ||||1| spa d
100 1 _aMiñana y Villagrasa, Emilio.
_981392
245 1 0 _aDe la orientación y selección profesional /
_cdiscurso leído... en su recepción por Emilio Miñana y Villagrasa y contestación del Iltmo. Sr. D. Adolfo Bonilla y San Martín.
260 _aMadrid :
_bRev. de Archivos,
_c1924.
300 _a147 p. ;
_c19 cm.
500 _aPrecede al tít.: Real Academia de Ciencias Morales y Políticas.
650 0 4 _aOrientación profesional.
_915770
700 1 _aBonilla y San Martín, Adolfo,
_d1875-1926
_930193
710 2 _aReal Academia de Ciencias Morales y Políticas (España)
_96299
852 _aES-MaACL
_j1665-F-15
999 _c104672
_d104672